Colombia amarga / (Registro nro. 3411)

Detalles MARC
000 -LEADER
fixed length control field 00899nam a2200229Ia 4500
003 - CONTROL NUMBER IDENTIFIER
control field OSt
005 - DATE AND TIME OF LATEST TRANSACTION
control field 20200331103145.0
008 - FIXED-LENGTH DATA ELEMENTS--GENERAL INFORMATION
fixed length control field 191128s1976 ck gr 000 0 spa d
040 ## - CATALOGING SOURCE
Original cataloging agency CO-JMCR
Transcribing agency CO-JMCR
041 ## - LANGUAGE CODE
Language code of text/sound track or separate title spa
082 04 - DEWEY DECIMAL CLASSIFICATION NUMBER
Classification number 070.442 /
Item number C355c
100 1# - MAIN ENTRY--PERSONAL NAME
Personal name Castro Caycedo, Germán,
Relator term autor
9 (RLIN) 2251
245 10 - TITLE STATEMENT
Title Colombia amarga /
Statement of responsibility, etc. German Castro Caycedo
250 ## - EDITION STATEMENT
Edition statement Segunda edición
260 ## - PUBLICATION, DISTRIBUTION, ETC.
Place of publication, distribution, etc. Bogotá :
Name of publisher, distributor, etc. Carlos Valencia,
Date of publication, distribution, etc. 1976
300 ## - PHYSICAL DESCRIPTION
Extent 199 páginas ;
Dimensions 17 cm.
520 ## - SUMMARY, ETC.
Summary, etc. El periodismo inicialmente en la prensa escrita y ahora en la televisión ha sido la profesión única de Germán Castro Caycedo. Este libro el promero del joven escritor es una selección de sus trabajos efectuados a lo largo de siete años.
650 14 - SUBJECT ADDED ENTRY--TOPICAL TERM
Topical term or geographic name entry element Crónicas periodísticas
9 (RLIN) 2252
650 24 - SUBJECT ADDED ENTRY--TOPICAL TERM
Topical term or geographic name entry element Crónicas colombianas
9 (RLIN) 2253
650 24 - SUBJECT ADDED ENTRY--TOPICAL TERM
Topical term or geographic name entry element Reportajes colombianos
9 (RLIN) 2254
942 ## - ADDED ENTRY ELEMENTS (KOHA)
Source of classification or shelving scheme Dewey Decimal Classification
Koha item type Books
Existencias
Withdrawn status Lost status Source of classification or shelving scheme Materials specified (bound volume or other part) Damaged status Not for loan Home library Current library Date acquired Source of acquisition Cost, normal purchase price Total Checkouts Full call number Barcode Date last seen Date last checked out Copy number Price effective from Koha item type Public note
    Dewey Decimal Classification Donación--10/04/2018--     Biblioteca Pública José María del Castillo y Rada Biblioteca Pública José María del Castillo y Rada 11/28/2019 Donación 0.00 1 070.442 / C355c 201807260 06/19/2025 06/18/2025 Ej.1 11/28/2019 Books Algunas páginas rayadas con esfero.